PARATEXTS in English printed drama to 1642

Uloženo v:
Podrobná bibliografie
Médium: Kniha
Jazyk:angličtina
Vydáno: Cambridge University Press 2014
Tagy: Přidat tag
Žádné tagy, Buďte první, kdo vytvoří štítek k tomuto záznamu!

MARC

LEADER 00000nam a22000007a 4500
008 210908b ||||| |||| 00| 0 eng d
020 |a 9781107037977 
245 |a PARATEXTS in English printed drama to 1642  |c edited Thomas L. Berger & Sonia Massai  |g XVI, 613p. 
250 |c BERGER, Thomas L. & MASSAI, Sonia 
260 |b Cambridge University Press  |c 2014  |h United Kingdom  |i 696881  |i 696882  |i 696883  |i 696884  |i 696908  |i 696909  |l PR651. P21  |m English drama - Early modern and Elizabethan, 1500-1600- Criticism, Textual  |m English drama - 17th century - Criticism, Textual  |m Paratext 
500 |a It includes bibliographic and index Vol. 1 
942 |a lcc  |c BK  |e ADEYEYE Y. S.  |f 08- 09 2021 
952 |0 0  |1 0  |2 lcc  |4 0  |7 0  |9 3441  |a HOL  |b HOL  |c LP  |d 2021-09-08  |o PR 651 . P21  |p 2021-67148  |r 2021-09-08 00:00:00  |w 2021-09-08  |y BK 
952 |0 0  |1 0  |2 lcc  |4 0  |7 0  |9 3442  |a HOL  |b ED  |c LP  |d 2021-09-08  |o PR 651 . P21  |p 2021-67149  |r 2021-09-08 00:00:00  |w 2021-09-08  |y BK 
952 |0 0  |1 0  |2 lcc  |4 0  |7 0  |9 3443  |a HOL  |b HOL  |c LP  |d 2021-09-08  |o PR 651 . P21  |p 2021-67152  |r 2021-09-08 00:00:00  |w 2021-09-08  |y BK 
952 |0 0  |1 0  |2 lcc  |4 0  |7 0  |9 3444  |a HOL  |b ED  |c LP  |d 2021-09-08  |o PR 651 . P21  |p 2021-67153  |r 2021-09-08 00:00:00  |w 2021-09-08  |y BK 
952 |0 0  |1 0  |2 lcc  |4 0  |6 PR0651 P21  |7 0  |9 3445  |a HOL  |b ART  |c LP  |d 2021-09-08  |l 0  |o PR 651 . P21  |p 2021-67154  |r 2021-09-08 00:00:00  |w 2021-09-08  |y BK 
952 |0 0  |1 0  |2 lcc  |4 0  |6 PR0651 P21  |7 0  |9 3446  |a HOL  |b ART  |c LP  |d 2021-09-08  |l 0  |o PR 651 . P21  |p 2021-67155  |r 2021-09-08 00:00:00  |w 2021-09-08  |y BK 
999 |c 1715  |d 1715